000
00329nam a2200157 4500
001
46014
090
_a
46014
100
_a
20260421 pory50
101
_a
por
102
_a
PT
200
_a
A Praia roubada
_f
Joanne Harris
210
_a
Porto
_c
Asa
_d
2022
215
_a
398 p.
675
_a
82-31
801
_a
PT
_g
RPC
990
_c
LIVROS